000 00733nam a2200181 i 4500
001 38409
003 ES-MaACL
005 20251009190740.0
007 t|
008 030225s1982 sp ||||1| spa d
100 1 _aCallejo, Carlos.
_9145506
245 1 0 _aPaladines sin suerte
_b: discurso de ingreso en la Real Academia de Extremadura de las Letras y las Artes /
_cCarlos Callejo Serrano y contestación, Antonio Vargas-Zúñiga y Montero Espinosa.
260 _aCáceres :
_bInstitución Cultural "El Brocense",
_c[1982]
300 _a48 p. ;
_c23 cm.
700 0 _aVargas-Zúñiga y Montero de Espinosa, Antonio de,
_cMarqués de Siete Iglesias
_9113220
852 _aES-MaACL
_j2130-F-18
_bR.105539
999 _c38409
_d38409